[Event "WYCC 2018 O14"]
[Site "Halkidiki"]
[Date "2018.10.22"]
[Round "4"]
[White "Turgut, Aydin"]
[Black "Tadic, Stefan"]
[Result "1/2-1/2"]
[WhiteElo "2156"]
[BlackElo "2295"]
[Annotator "NA"]
[PlyCount "72"]
[EventDate "2018.10.20"]
[EventType "swiss"]
[EventCountry "GRE"]
[SourceTitle "playchess.com"]
[Source "ChessBase"]
[SourceQuality "1"]
[TimeControl "40/5400+30:1800+30"]

1. e4 {[%emt 0:00:00]} c5 {[%emt 0:00:00]} 2. Nf3 {[%emt 0:00:00]} Nc6 {[%emt 0:00:39]} 3. d4 {[%emt 0:00:00]} cxd4 {[%emt 0:00:13]} 4. Nxd4 {[%emt 0:00:03]} g6 {[%emt 0:00:41]} 5. Be3 {[%emt 0:01:19]} Bg7 {[%emt 0:00:26]} 6. Nc3 {[%emt 0:00:12]} Nf6 {[%emt 0:00:47]} 7. Bc4 {[%emt 0:00:36]} O-O {[%emt 0:00:58]} 8. Bb3 {[%emt 0:00:17]} Re8 {[%emt 0:03:12] B35: Sicilian: Accelerated Dragon with 5 Nc3: main line} 9. Nxc6 {[%emt 0:12:49]} (9. f3 d5 10. exd5 Nb4 11. Nde2 e6 12. Bd4 exd5 13. Qd2 Nc6 14. O-O-O Nxd4 15. Nxd4 Bd7 16. g4 {1-0 (33) Navara,D (2740)-Gelfand,B (2703) Batumi 2018}) 9... dxc6 {[%emt 0:04:39] LiveBook: 17 Games} 10. Qxd8 {[%emt 0:01:56]} Rxd8 {[%emt 0:00:08]} 11. f3 {[%emt 0:00:58]} b6 {[%emt 0:18:51]} 12. e5 $146 {[%emt 0:24:36]} ({Predecessor:} 12. a4 Rd7 13. a5 Ba6 14. axb6 axb6 15. Kf2 Kf8 16. Rhd1 {1-0 (16) Gabrielian,A (2520)-Yagupov,I (2400) Kazan 2016}) 12... Nd5 {[%emt 0:13:41]} 13. O-O-O {[%emt 0:03:05]} Be6 {[%emt 0:03:12]} 14. Nxd5 {[%emt 0:02:40]} Bxd5 {[%emt 0:04:49]} 15. Bxd5 {[%emt 0:01:12]} cxd5 {[%emt 0:02:58]} 16. f4 $11 {[%emt 0:01:54]} Rac8 {[%emt 0:01:57]} 17. g4 {[%emt 0:13:44]} e6 {[%emt 0:05:34]} 18. h4 {[%emt 0:11:56]} Rc7 {[%emt 0:13:24]} 19. h5 {[%emt 0:01:40]} Rc4 {[%emt 0:14:08]} 20. Bd4 {[%emt 0:01:08]} b5 {[%emt 0:00:59]} 21. a3 {[%emt 0:03:29]} a5 {[%emt 0:02:56]} 22. b3 {[%emt 0:03:12]} Rc6 {[%emt 0:00:09]} 23. Kb2 {[%emt 0:00:38]} Bf8 {[%emt 0:02:20]} 24. Rd2 {[%emt 0:01:58]} Bc5 {[%emt 0:01:42]} 25. Rh3 {[%emt 0:05:49]} Rdc8 {[%emt 0:00:29]} 26. c3 {[%emt 0:02:30]} R8c7 {[%emt 0:02:04]} 27. h6 {[%emt 0:01:48]} Be7 {[%emt 0:00:37]} 28. b4 {[%emt 0:03:17]} axb4 {[%emt 0:00:20]} 29. axb4 {[%emt 0:00:04]} Ra6 {[%emt 0:00:22]} 30. Rd1 {[%emt 0:00:27]} Rc8 {[%emt 0:00:26]} 31. Ra1 {[%emt 0:00:08]} Rca8 {[%emt 0:00:05]} 32. Rxa6 {[%emt 0:00:11]} Rxa6 {[%emt 0:00:03]} 33. g5 {[%emt 0:01:28]} Kf8 {[%emt 0:00:27]} 34. Rh1 {[%emt 0:00:23]} Ke8 {[%emt 0:00:20]} 35. Ra1 {[%emt 0:01:25]} Rxa1 {[%emt 0:00:04]} 36. Kxa1 {[%emt 0:00:04]} Kd7 {[%emt 0:00:09]} 1/2-1/2

[Event "WYCC 2018 O14"]
[Site "Halkidiki"]
[Date "2018.10.22"]
[Round "4"]
[White "Patrelakis, Evaggelos"]
[Black "Nakahara, Kan"]
[Result "1-0"]
[WhiteElo "2146"]
[BlackElo "1850"]
[Annotator "NA"]
[PlyCount "159"]
[EventDate "2018.10.20"]
[EventType "swiss"]
[EventCountry "GRE"]
[SourceTitle "playchess.com"]
[Source "ChessBase"]
[SourceQuality "1"]
[TimeControl "40/5400+30:1800+30"]

1. e4 {[%emt 0:00:00]} e6 {[%emt 0:00:00]} 2. d4 {[%emt 0:00:00]} d5 {[%emt 0:00:00]} 3. Nd2 {[%emt 0:00:00]} c5 {[%emt 0:00:04]} 4. exd5 {[%emt 0:00:04]} Qxd5 {[%emt 0:00:10]} 5. Ngf3 {[%emt 0:00:06]} cxd4 {[%emt 0:00:37]} 6. Bc4 {[%emt 0:00:08]} Qd6 {[%emt 0:00:27]} 7. O-O {[%emt 0:00:09]} Nf6 {[%emt 0:00:06]} 8. Nb3 {[%emt 0:00:04]} Nc6 {[%emt 0:00:05]} 9. Nbxd4 {[%emt 0:00:08]} Nxd4 {[%emt 0:00:11]} 10. Nxd4 {[%emt 0:00:04]} Be7 {[%emt 0:00:13]} 11. c3 {[%emt 0:03:02]} O-O {[%emt 0:02:20]} 12. Qf3 {[%emt 0:00:20]} Qc7 {[%emt 0:01:27]} 13. Bb3 {[%emt 0:01:49]} Bd7 {[%emt 0:05:12]} 14. Re1 {[%emt 0:03:01]} Bd6 {[%emt 0:06:30]} 15. h3 {[%emt 0:01:22]} e5 {[%emt 0:06:44]} 16. Nc2 {[%emt 0:07:33]} a5 {[%emt 0:12:08]} 17. Ne3 {[%emt 0:12:02]} e4 {[%emt 0:08:03]} 18. Qe2 {[%emt 0:00:25]} Qc5 {[%emt 0:04:03]} 19. Bd2 {[%emt 0:19:38]} a4 {[%emt 0:09:59]} 20. Bc2 {[%emt 0:00:59]} Rac8 {[%emt 0:02:23]} 21. Nf1 {[%emt 0:22:34]} Rfe8 {[%emt 0:07:49]} 22. Be3 {[%emt 0:04:04]} Qf5 {[%emt 0:07:24]} 23. Qd2 {[%emt 0:02:55]} Bc5 {[%emt 0:03:29]} 24. Bxc5 {[%emt 0:00:41]} Qxc5 {[%emt 0:00:23]} 25. Ng3 {[%emt 0:01:22]} Bc6 {[%emt 0:00:30]} 26. Rad1 {[%emt 0:00:57]} Re7 {[%emt 0:02:28]} 27. Qd6 {[%emt 0:04:31]} Qxd6 {[%emt 0:01:09]} 28. Rxd6 {[%emt 0:00:02]} Rce8 {[%emt 0:01:09]} 29. Nf5 {[%emt 0:02:10]} Rd7 {[%emt 0:01:56]} 30. Rxd7 {[%emt 0:00:59]} Nxd7 {[%emt 0:00:18]} 31. Nd4 {[%emt 0:02:51]} Nc5 {[%emt 0:01:00]} 32. Rd1 {[%emt 0:02:29]} g6 {[%emt 0:02:14]} 33. Nxc6 {[%emt 0:01:33]} bxc6 {[%emt 0:00:01]} 34. Rd4 {[%emt 0:00:47]} Rb8 {[%emt 0:02:18]} 35. Rb4 {[%emt 0:00:12]} Rd8 {[%emt 0:01:10]} 36. Bxe4 {[%emt 0:00:43]} Rd1+ {[%emt 0:01:54]} 37. Kh2 {[%emt 0:00:02]} Nxe4 {[%emt 0:02:08]} 38. Rxe4 {[%emt 0:00:01]} Rd2 {[%emt 0:00:33]} 39. Rxa4 {[%emt 0:00:11]} Rxb2 {[%emt 0:00:46]} 40. Kg3 {[%emt 0:00:00]} Rc2 {[%emt 0:00:00]} 41. Rc4 {[%emt 0:00:43]} Rxa2 {[%emt 0:01:03]} 42. Rxc6 {[%emt 0:00:05]} Kf8 {[%emt 0:00:38]} 43. Rc7 {[%emt 0:00:38]} h6 {[%emt 0:01:55]} 44. h4 {[%emt 0:02:43]} Rc2 {[%emt 0:04:27]} 45. Kf3 {[%emt 0:00:51]} Ke8 {[%emt 0:01:48]} 46. g4 {[%emt 0:05:58]} Kd8 {[%emt 0:01:49]} 47. Rxf7 {[%emt 0:13:11]} Rxc3+ {[%emt 0:00:14]} 48. Kg2 {[%emt 0:00:03]} Rc6 {[%emt 0:03:24]} 49. Rh7 {[%emt 0:00:51]} g5 {[%emt 0:00:37]} 50. hxg5 {[%emt 0:00:07]} hxg5 {[%emt 0:00:13]} 51. Rg7 {[%emt 0:00:13]} Rc5 {[%emt 0:00:11]} 52. Rf7 {[%emt 0:00:11]} Rc4 {[%emt 0:02:25]} 53. Kg3 {[%emt 0:01:12]} Rc3+ {[%emt 0:00:25]} 54. Rf3 {[%emt 0:00:15]} Rc7 {[%emt 0:02:46]} 55. Rf5 {[%emt 0:01:04]} Rg7 {[%emt 0:00:04]} 56. Re5 {[%emt 0:07:32]} Kd7 {[%emt 0:01:20]} 57. Kf3 {[%emt 0:00:10]} Kd6 {[%emt 0:01:07]} 58. Ke4 {[%emt 0:00:10]} Rf7 {[%emt 0:00:33]} 59. Rf5 {[%emt 0:00:16]} Re7+ {[%emt 0:02:33]} 60. Kd4 {[%emt 0:00:11]} Rg7 {[%emt 0:00:22]} 61. Rf6+ {[%emt 0:00:32]} Ke7 {[%emt 0:00:07]} 62. Ke5 {[%emt 0:00:10]} Rg8 {[%emt 0:00:15]} 63. Kf5 {[%emt 0:00:18]} Rg7 {[%emt 0:00:45]} 64. f3 {[%emt 0:00:34]} Rg8 {[%emt 0:00:22]} 65. Rg6 {[%emt 0:00:14]} Rf8+ {[%emt 0:00:14]} 66. Ke4 {[%emt 0:00:07]} Re8 {[%emt 0:01:08]} 67. Rxg5 {[%emt 0:00:26]} Kf6+ {[%emt 0:00:20]} 68. Kf4 {[%emt 0:00:07]} Ra8 {[%emt 0:00:12]} 69. Rf5+ {[%emt 0:00:21]} Kg6 {[%emt 0:00:20]} 70. Re5 {[%emt 0:00:43]} Ra4+ {[%emt 0:00:16]} 71. Re4 {[%emt 0:00:01]} Ra6 {[%emt 0:00:20]} 72. g5 {[%emt 0:01:00]} Rb6 {[%emt 0:00:23]} 73. Kg4 {[%emt 0:00:21]} Rb1 {[%emt 0:00:36]} 74. Re6+ {[%emt 0:00:08]} Kf7 {[%emt 0:00:41]} 75. Rf6+ {[%emt 0:00:13]} Kg7 {[%emt 0:00:12]} 76. f4 {[%emt 0:00:18]} Rg1+ {[%emt 0:00:51]} 77. Kf5 {[%emt 0:00:14]} Rb1 {[%emt 0:00:08]} 78. Re6 {[%emt 0:01:09]} Rb5+ {[%emt 0:00:34]} 79. Re5 {[%emt 0:00:26]} Rb7 {[%emt 0:00:12]} 80. g6 {[%emt 0:01:23]} 1-0

[Event "WYCC 2018 O14"]
[Site "Halkidiki"]
[Date "2018.10.22"]
[Round "4"]
[White "Galkin, Gleb"]
[Black "Spyropoulos, Nikolaos"]
[Result "1/2-1/2"]
[WhiteElo "2134"]
[BlackElo "2378"]
[Annotator "NA"]
[PlyCount "107"]
[EventDate "2018.10.20"]
[EventType "swiss"]
[EventCountry "GRE"]
[SourceTitle "playchess.com"]
[Source "ChessBase"]
[SourceQuality "1"]
[TimeControl "40/5400+30:1800+30"]

1. d4 {[%emt 0:00:00]} Nf6 {[%emt 0:00:00]} 2. Nf3 {[%emt 0:00:00]} e6 {[%emt 0:00:00]} 3. c4 {[%emt 0:00:00]} c5 {[%emt 0:00:00]} 4. Nc3 {[%emt 0:08:15]} cxd4 {[%emt 0:00:53]} 5. Nxd4 {[%emt 0:00:10]} Bb4 {[%emt 0:01:34]} 6. Bd2 {[%emt 0:04:46]} O-O {[%emt 0:06:26]} 7. e3 {[%emt 0:02:04] LiveBook: 47 Games} Nc6 {[%emt 0:08:36]} 8. Be2 {[%emt 0:02:20]} d5 {[%emt 0:03:33]} 9. cxd5 {[%emt 0:02:46]} exd5 {[%emt 0:08:20]} 10. O-O {[%emt 0:02:08] A32: Symmetrical English: 2 Nf3 Nf6 3 d4 cxd4 4 Nxd4 e6} a6 {[%emt 0:06:10]} (10... Nxd4 11. exd4 Re8 12. Bf3 Be6 13. Qb3 Bxc3 14. Bxc3 Qd7 15. Rfd1 Bg4 16. Bxg4 Nxg4 17. h3 Nf6 18. Bd2 Ne4 19. Be3 {0-1 (81) Fridman,D (2596)-Navara,D (2725) Tallinn 2016}) 11. Nxc6 {[%emt 0:10:04]} bxc6 {[%emt 0:00:10]} 12. Ne4 $146 {[%emt 0:05:12]} ({Predecessor:} 12. Rc1 Bd7 13. Na4 Qa5 14. Bxb4 Qxb4 15. a3 Qd6 16. Nb6 Rab8 17. Nxd7 Qxd7 {1-0 (62) Holleland,S (2001)-Njorge,M Durban 2014}) 12... Nxe4 {[%emt 0:08:48]} 13. Bxb4 {[%emt 0:00:08]} Re8 {[%emt 0:00:11]} 14. Bd3 {[%emt 0:06:29]} Qg5 {[%emt 0:03:07]} 15. Bxe4 {[%emt 0:10:56]} Rxe4 {[%emt 0:01:38]} 16. f4 {[%emt 0:01:10]} Qf6 {[%emt 0:05:05]} 17. Qd2 {[%emt 0:01:24]} Rb8 $11 {[%emt 0:00:43]} 18. Bc3 {[%emt 0:01:18]} Qe7 {[%emt 0:01:03]} 19. Be5 {[%emt 0:00:57]} Rb5 {[%emt 0:04:51]} 20. Rfc1 {[%emt 0:05:56]} Bd7 {[%emt 0:10:00]} 21. a4 {[%emt 0:02:39]} Rb3 {[%emt 0:05:03]} 22. Bd4 {[%emt 0:00:33]} h6 {[%emt 0:03:26]} 23. Qc2 {[%emt 0:05:31]} Rb8 {[%emt 0:04:11]} 24. Qc5 {[%emt 0:00:30]} Qd8 {[%emt 0:03:53]} 25. Rf1 {[%emt 0:02:08]} h5 {[%emt 0:03:40]} 26. b4 {[%emt 0:04:52]} h4 {[%emt 0:01:10]} 27. Ra2 {[%emt 0:02:31]} Rc8 {[%emt 0:02:43]} 28. Rb2 {[%emt 0:02:11]} Bf5 {[%emt 0:04:15]} 29. Qa7 {[%emt 0:01:41]} Qe8 {[%emt 0:01:06]} 30. Qxa6 {[%emt 0:04:30]} Ra8 {[%emt 0:00:38]} 31. Qb7 {[%emt 0:00:39]} Rxa4 {[%emt 0:00:04]} 32. b5 {[%emt 0:00:50]} Rxe3 {[%emt 0:03:05]} 33. Bxe3 {[%emt 0:02:34]} Qxe3+ {[%emt 0:00:03]} 34. Rbf2 {[%emt 0:00:13]} h3 {[%emt 0:01:41]} 35. g3 {[%emt 0:02:23]} cxb5 {[%emt 0:00:28]} 36. Qxd5 {[%emt 0:02:58]} g6 {[%emt 0:00:13]} 37. Qe5 {[%emt 0:02:05]} Qxe5 {[%emt 0:00:44]} 38. fxe5 {[%emt 0:00:06]} b4 {[%emt 0:00:43]} 39. Rf4 {[%emt 0:01:44]} Be6 {[%emt 0:00:42]} 40. Rb1 {[%emt 0:00:00]} Ra2 {[%emt 0:00:00]} 41. Rf2 {[%emt 0:04:48]} Ra4 {[%emt 0:02:29]} 42. Rf4 {[%emt 0:05:06]} Ra2 {[%emt 0:00:08]} 43. Rf2 {[%emt 0:01:15]} b3 {[%emt 0:00:25]} 44. Rxa2 {[%emt 0:01:59]} bxa2 {[%emt 0:01:09]} 45. Rb8+ {[%emt 0:00:53]} Kg7 {[%emt 0:00:55]} 46. Ra8 {[%emt 0:00:07]} Kh6 {[%emt 0:01:08]} 47. Kf2 {[%emt 0:00:40]} Kg5 {[%emt 0:00:08]} 48. Ke3 {[%emt 0:00:49]} Kf5 {[%emt 0:02:43]} 49. Kd4 {[%emt 0:00:38]} Bb3 {[%emt 0:01:32]} 50. Ra6 {[%emt 0:01:06]} Kg4 {[%emt 0:01:51]} 51. Ke3 {[%emt 0:00:15]} Bd5 {[%emt 0:01:02]} 52. Ra7 {[%emt 0:00:33]} Kf5 {[%emt 0:00:19]} 53. Kd4 {[%emt 0:00:09]} Be6 {[%emt 0:00:09]} 54. Ra5 {[%emt 0:01:02]} 1/2-1/2

[Event "WYCC 2018 O14"]
[Site "Halkidiki"]
[Date "2018.10.22"]
[Round "4"]
[White "Marn, Jan"]
[Black "Stoyanov, Tsvetan"]
[Result "0-1"]
[WhiteElo "2125"]
[BlackElo "2340"]
[Annotator "NA"]
[PlyCount "56"]
[EventDate "2018.10.20"]
[EventType "swiss"]
[EventCountry "GRE"]
[SourceTitle "playchess.com"]
[Source "ChessBase"]
[SourceQuality "1"]
[TimeControl "40/5400+30:1800+30"]

1. d4 {[%emt 0:00:00]} Nf6 {[%emt 0:00:00]} 2. c4 {[%emt 0:00:00]} c5 {[%emt 0:00:00]} 3. d5 {[%emt 0:00:00]} d6 {[%emt 0:00:00]} 4. Nc3 {[%emt 0:00:39]} g6 {[%emt 0:00:04]} 5. e4 {[%emt 0:00:16]} Bg7 {[%emt 0:00:03]} 6. f3 {[%emt 0:01:33]} O-O {[%emt 0:00:17]} 7. Bg5 {[%emt 0:00:08]} h6 {[%emt 0:00:12]} 8. Be3 {[%emt 0:00:11]} e6 {[%emt 0:00:26]} 9. Qd2 {[%emt 0:00:49]} exd5 {[%emt 0:00:42]} 10. cxd5 {[%emt 0:00:08]} Re8 {[%emt 0:00:04]} 11. Nge2 {[%emt 0:01:30]} Nbd7 {[%emt 0:02:24]} 12. Ng3 {[%emt 0:08:37]} h5 {[%emt 0:01:10]} 13. Bg5 {[%emt 0:11:31] A65: Modern Benoni: 6 e4} (13. Be2 a6 14. a4 Nh7 15. O-O h4 16. Nh1 f5 17. Nf2 Ne5 18. f4 Nf7 19. exf5 Bxf5 20. Rae1 Qd7 {½-½ (49) Ponomariov,R (2714)-Bacrot,E (2718) Beijing 2014}) 13... h4 {[%emt 0:02:20]} 14. Bxh4 $146 {[%emt 0:14:41]} ({Predecessor:} 14. Nge2 h3 15. gxh3 Ne5 16. Bg2 Bxh3 17. O-O Qd7 18. Ng3 Nh7 19. Bf4 Bxg2 20. Kxg2 {½-½ (58) Sachdev,T (2422)-Narayanan,S (2414) Pune 2014}) 14... Nxe4 {[%emt 0:03:22]} 15. Bxd8 {[%emt 0:06:08]} Nxd2+ {[%emt 0:02:14]} 16. Kxd2 {[%emt 0:00:07]} Rxd8 {[%emt 0:00:31]} 17. Be2 {[%emt 0:00:33]} Be5 {[%emt 0:17:37]} 18. Kc2 {[%emt 0:13:24]} Nb6 {[%emt 0:12:25]} 19. Rad1 {[%emt 0:01:48]} f5 {[%emt 0:07:46]} 20. Rhf1 {[%emt 0:10:00]} a6 {[%emt 0:04:40]} 21. f4 {[%emt 0:00:31]} Bf6 {[%emt 0:00:12]} 22. b3 {[%emt 0:02:35]} Bd7 {[%emt 0:01:20]} 23. Rh1 {[%emt 0:03:20]} Rac8 {[%emt 0:05:53]} 24. Bf3 {[%emt 0:06:55]} c4 {[%emt 0:07:46]} 25. b4 {[%emt 0:01:24]} Na4 {[%emt 0:00:07]} 26. Nge2 $19 {[%emt 0:06:29]} Re8 {[%emt 0:00:01]} 27. Kd2 {[%emt 0:00:12]} g5 {[%emt 0:03:11]} 28. g3 {[%emt 0:04:30]} Nxc3 {[%emt 0:00:35]} 0-1

[Event "WYCC 2018 O14"]
[Site "Halkidiki"]
[Date "2018.10.22"]
[Round "4"]
[White "Torngren, Gustav"]
[Black "Gharibyan, Mamikon"]
[Result "1/2-1/2"]
[WhiteElo "2107"]
[BlackElo "2314"]
[Annotator "NA"]
[PlyCount "103"]
[EventDate "2018.10.20"]
[EventType "swiss"]
[EventCountry "GRE"]
[SourceTitle "playchess.com"]
[Source "ChessBase"]
[SourceQuality "1"]
[TimeControl "40/5400+30:1800+30"]

1. d4 {[%emt 0:00:00]} Nf6 {[%emt 0:00:00]} 2. c4 {[%emt 0:00:11]} e6 {[%emt 0:00:00]} 3. Nc3 {[%emt 0:00:32]} Bb4 {[%emt 0:00:08]} 4. e3 {[%emt 0:00:10]} O-O {[%emt 0:00:47]} 5. Bd3 {[%emt 0:00:17]} c5 {[%emt 0:10:24]} 6. Nf3 {[%emt 0:05:05]} Bxc3+ {[%emt 0:04:51]} 7. bxc3 {[%emt 0:00:52]} d6 {[%emt 0:00:56]} 8. d5 {[%emt 0:04:49]} e5 {[%emt 0:01:18]} 9. Qc2 {[%emt 0:01:49]} Nbd7 {[%emt 0:06:15]} 10. O-O {[%emt 0:00:46]} Qe7 {[%emt 0:07:38]} 11. e4 {[%emt 0:05:52]} Re8 {[%emt 0:03:25]} 12. Nh4 {[%emt 0:05:57]} Nf8 {[%emt 0:02:11]} 13. g3 {[%emt 0:00:25]} h6 {[%emt 0:11:22]} 14. Bd2 {[%emt 0:10:01]} N8h7 {[%emt 0:14:22]} 15. f3 {[%emt 0:08:21]} Ng5 {[%emt 0:01:34]} 16. Rae1 $11 {[%emt 0:03:50]} Bh3 {[%emt 0:04:00]} 17. Rf2 {[%emt 0:02:56]} a6 {[%emt 0:06:30]} 18. a4 {[%emt 0:05:12]} Rab8 {[%emt 0:01:20]} 19. Rfe2 {[%emt 0:11:14]} Bd7 {[%emt 0:03:50]} 20. Bxg5 {[%emt 0:09:29]} hxg5 {[%emt 0:00:06]} 21. Ng2 {[%emt 0:00:12]} g6 {[%emt 0:01:49]} 22. Rb1 {[%emt 0:02:15]} b6 {[%emt 0:02:35]} 23. Ree1 {[%emt 0:01:28]} Rec8 {[%emt 0:02:33]} 24. Rb2 {[%emt 0:03:13]} Qd8 {[%emt 0:08:28]} 25. Reb1 {[%emt 0:00:22]} Be8 {[%emt 0:03:34]} 26. Bf1 {[%emt 0:00:20]} Kg7 {[%emt 0:00:11]} 27. Ne3 {[%emt 0:01:16]} Bd7 {[%emt 0:00:50]} 28. Ra1 {[%emt 0:01:44]} Qc7 {[%emt 0:00:45]} 29. Ra3 {[%emt 0:00:53]} Rh8 {[%emt 0:01:18]} 30. Qb1 {[%emt 0:00:14]} Rhc8 {[%emt 0:01:08]} 31. Qa1 {[%emt 0:02:24]} Kf8 {[%emt 0:00:40]} 32. Rab3 {[%emt 0:01:10]} Ke7 {[%emt 0:00:27]} 33. Rb1 {[%emt 0:00:04]} Qd8 {[%emt 0:00:34]} 34. Qa3 {[%emt 0:02:14]} Kf8 {[%emt 0:00:19]} 35. Qb2 {[%emt 0:00:23]} Bxa4 {[%emt 0:00:24]} 36. Rxb6 {[%emt 0:00:02]} Nd7 {[%emt 0:00:13]} 37. Rxb8 {[%emt 0:00:38]} Rxb8 {[%emt 0:00:04]} 38. Qa1 {[%emt 0:00:14]} Rxb1 {[%emt 0:00:09]} 39. Qxb1 {[%emt 0:00:01]} Nb6 {[%emt 0:01:02]} 40. Qa1 {[%emt 0:00:00]} a5 {[%emt 0:00:00]} 41. Bd3 {[%emt 0:03:02]} Qa8 {[%emt 0:01:34]} 42. Qb2 {[%emt 0:02:28]} Qa6 {[%emt 0:03:53]} 43. Kf2 {[%emt 0:02:20]} Ke7 {[%emt 0:01:20]} 44. Ke2 {[%emt 0:02:10]} Bd7 {[%emt 0:01:01]} 45. Kd2 {[%emt 0:00:32]} Kd8 {[%emt 0:01:05]} 46. Qa2 {[%emt 0:00:36]} Kc7 {[%emt 0:00:24]} 47. Nc2 {[%emt 0:01:02]} Qa8 {[%emt 0:01:39]} 48. Qa1 {[%emt 0:01:48]} a4 {[%emt 0:02:03]} 49. Na3 {[%emt 0:00:44]} Qh8 {[%emt 0:01:46]} 50. Qg1 {[%emt 0:00:22]} Qh6 {[%emt 0:02:45]} 51. g4 {[%emt 0:01:35]} f5 {[%emt 0:02:56]} 52. Qg2 {[%emt 0:04:24]} 1/2-1/2

[Event "WYCC 2018 O14"]
[Site "Halkidiki"]
[Date "2018.10.22"]
[Round "4"]
[White "Wang, Alex"]
[Black "Suleymanli, Aydin"]
[Result "1/2-1/2"]
[WhiteElo "2076"]
[BlackElo "2313"]
[Annotator "NA"]
[PlyCount "53"]
[EventDate "2018.10.20"]
[EventType "swiss"]
[EventCountry "GRE"]
[SourceTitle "playchess.com"]
[Source "ChessBase"]
[SourceQuality "1"]
[TimeControl "40/5400+30:1800+30"]

1. e4 {[%emt 0:00:00]} c6 {[%emt 0:00:00]} 2. d4 {[%emt 0:00:00]} d5 {[%emt 0:00:00]} 3. Nd2 {[%emt 0:00:00]} dxe4 {[%emt 0:00:00]} 4. Nxe4 {[%emt 0:00:00]} Nd7 {[%emt 0:00:05]} 5. Ng5 {[%emt 0:00:00]} Ngf6 {[%emt 0:00:27]} 6. Bd3 {[%emt 0:00:14]} e6 {[%emt 0:01:35]} 7. N1f3 {[%emt 0:00:21]} Bd6 {[%emt 0:00:38]} 8. Qe2 {[%emt 0:00:28]} h6 {[%emt 0:01:33]} 9. Ne4 {[%emt 0:00:12]} Nxe4 {[%emt 0:03:29]} 10. Qxe4 {[%emt 0:00:05]} Nf6 {[%emt 0:15:13]} 11. Qh4 {[%emt 0:01:12]} Qa5+ {[%emt 0:01:56] B17: Caro-Kann: Modern Line (4...Nd7)} 12. Bd2 {[%emt 0:06:09]} Qh5 {[%emt 0:00:13]} 13. Qxh5 {[%emt 0:03:29]} Nxh5 {[%emt 0:00:10]} 14. Ne5 {[%emt 0:00:03]} Nf6 {[%emt 0:05:38]} 15. O-O {[%emt 0:29:41]} O-O {[%emt 0:13:20]} 16. Be2 $146 {[%emt 0:05:26]} ({Predecessor:} 16. Rfe1 Rd8 17. b4 Bc7 18. Nf3 Bd7 19. a4 {½-½ (41) Feher,G (2380)-Dovzik,J (2410) Heves 1997}) 16... Rd8 {[%emt 0:01:28]} 17. Rfd1 {[%emt 0:03:28]} Bd7 {[%emt 0:02:33]} 18. Nxd7 {[%emt 0:02:15]} Rxd7 {[%emt 0:00:12]} 19. Bf3 {[%emt 0:06:59]} Bc7 $11 {[%emt 0:05:39]} 20. c3 {[%emt 0:00:59]} Rad8 {[%emt 0:00:16]} 21. Be3 {[%emt 0:02:37]} Nd5 {[%emt 0:01:03]} 22. Re1 {[%emt 0:03:14]} Kf8 {[%emt 0:10:06]} 23. a4 {[%emt 0:03:23]} a6 {[%emt 0:05:14]} 24. g3 {[%emt 0:09:34]} Bb6 {[%emt 0:06:08]} 25. Bd2 {[%emt 0:03:39]} Kg8 {[%emt 0:03:16]} 26. Rad1 {[%emt 0:03:10]} Kf8 {[%emt 0:07:36]} 27. Kg2 {[%emt 0:00:52]} 1/2-1/2

[Event "WYCC 2018 O14"]
[Site "Halkidiki"]
[Date "2018.10.22"]
[Round "4"]
[White "Antonica, Dragos-Andrei"]
[Black "Gomez Barrera, Gonzalo Andres"]
[Result "1-0"]
[WhiteElo "2061"]
[BlackElo "1843"]
[Annotator "NA"]
[PlyCount "105"]
[EventDate "2018.10.20"]
[EventType "swiss"]
[EventCountry "GRE"]
[SourceTitle "playchess.com"]
[Source "ChessBase"]
[SourceQuality "1"]
[TimeControl "40/5400+30:1800+30"]

1. Nf3 {[%emt 0:00:00]} Nf6 {[%emt 0:00:03]} 2. c4 {[%emt 0:00:00]} d6 {[%emt 0:00:46]} 3. d4 {[%emt 0:01:36]} g6 {[%emt 0:02:13]} 4. Nc3 {[%emt 0:00:18]} Bg7 {[%emt 0:00:43]} 5. e4 {[%emt 0:02:11]} O-O {[%emt 0:00:49]} 6. Be2 {[%emt 0:00:13]} e5 {[%emt 0:02:50]} 7. O-O {[%emt 0:00:35]} a5 {[%emt 0:10:43]} 8. Bg5 {[%emt 0:17:40]} h6 {[%emt 0:11:12]} 9. dxe5 {[%emt 0:22:53]} hxg5 {[%emt 0:00:10]} 10. exf6 {[%emt 0:00:02]} Bxf6 {[%emt 0:00:17]} 11. Qd2 {[%emt 0:00:05]} g4 {[%emt 0:02:03]} 12. Nd4 {[%emt 0:01:36]} Nc6 {[%emt 0:04:16]} 13. Ndb5 {[%emt 0:10:58]} Ne5 {[%emt 0:16:24]} 14. Rad1 {[%emt 0:18:36]} Be6 {[%emt 0:01:39]} 15. b3 {[%emt 0:03:25]} Kg7 {[%emt 0:03:34]} 16. Nd4 {[%emt 0:07:03]} Rh8 {[%emt 0:03:15]} 17. f4 {[%emt 0:03:29]} gxf3 {[%emt 0:00:54]} 18. Nxf3 {[%emt 0:00:10]} Nxf3+ {[%emt 0:01:05]} 19. Rxf3 {[%emt 0:00:41]} Be5 {[%emt 0:00:11]} 20. h3 {[%emt 0:00:29]} c6 {[%emt 0:04:31]} 21. Rdf1 {[%emt 0:00:52]} Qh4 {[%emt 0:00:31]} 22. Bd3 {[%emt 0:03:43]} Raf8 {[%emt 0:06:25]} 23. Ne2 {[%emt 0:02:36]} Bg4 {[%emt 0:00:29]} 24. Rf4 {[%emt 0:00:15]} Qh6 {[%emt 0:20:29]} 25. hxg4 {[%emt 0:00:48]} g5 {[%emt 0:00:11]} 26. R4f3 {[%emt 0:01:05]} Qh4 {[%emt 0:00:06]} 27. Rh3 {[%emt 0:00:33]} Qxg4 {[%emt 0:00:20]} 28. Rff3 {[%emt 0:00:19]} Rxh3 {[%emt 0:00:46]} 29. Rxh3 {[%emt 0:00:02]} Rh8 {[%emt 0:00:11]} 30. Rxh8 {[%emt 0:00:44]} Kxh8 {[%emt 0:00:01]} 31. Qe3 {[%emt 0:00:39]} Kg7 {[%emt 0:05:30]} 32. Qh3 {[%emt 0:00:24]} Qxh3 {[%emt 0:00:10]} 33. gxh3 {[%emt 0:00:01]} Kh6 {[%emt 0:00:01]} 34. Kg2 {[%emt 0:00:13]} Kh5 {[%emt 0:00:27]} 35. Ng3+ {[%emt 0:00:42]} Kg6 {[%emt 0:00:49]} 36. Kf3 {[%emt 0:00:39]} Kf6 {[%emt 0:00:16]} 37. Nf5 {[%emt 0:01:10]} Ke6 {[%emt 0:00:11]} 38. Kg4 {[%emt 0:00:33]} f6 {[%emt 0:00:18]} 39. Kh5 {[%emt 0:00:07]} Bc3 {[%emt 0:00:12]} 40. Kg6 {[%emt 0:00:00]} Ke5 {[%emt 0:00:00]} 41. Kf7 {[%emt 0:04:10]} b6 {[%emt 0:02:54]} 42. Ke7 {[%emt 0:08:20]} d5 {[%emt 0:02:08]} 43. exd5 {[%emt 0:02:27]} cxd5 {[%emt 0:00:53]} 44. cxd5 {[%emt 0:05:10]} Kxd5 {[%emt 0:00:07]} 45. Ng3 {[%emt 0:02:36]} Be5 {[%emt 0:11:54]} 46. Nh5 {[%emt 0:03:05]} Kd4 {[%emt 0:00:22]} 47. Bf5 {[%emt 0:00:50]} Kc3 {[%emt 0:01:09]} 48. Nxf6 {[%emt 0:01:58]} Kb2 {[%emt 0:00:25]} 49. a4 {[%emt 0:00:10]} Kxb3 {[%emt 0:00:24]} 50. Bd7 {[%emt 0:00:03]} Kc4 {[%emt 0:00:20]} 51. Ke6 {[%emt 0:00:13]} Kd4 {[%emt 0:00:21]} 52. Kf5 {[%emt 0:00:09]} Bf4 {[%emt 0:00:52]} 53. Nh7 1-0